<?xml version="1.0" encoding="UTF-8"?>
<collection xmlns="http://www.loc.gov/MARC21/slim">
  <record>
    <leader>00000nam  2200000   4500</leader>
    <controlfield tag="001">INLIS000000000015294</controlfield>
    <controlfield tag="005">20221227102501</controlfield>
    <datafield tag="035" ind1="#" ind2="#">
      <subfield code="a">0010-1222000122</subfield>
    </datafield>
    <controlfield tag="007">ta</controlfield>
    <controlfield tag="008">221227################|##########|#|##</controlfield>
    <datafield tag="100" ind1=" " ind2="#">
      <subfield code="a">Kristiana,  Nina Indra</subfield>
    </datafield>
    <datafield tag="245" ind1="1" ind2="#">
      <subfield code="a">PEMBUATAN BUKU PEDOMAN PRAKTIK PRODI MTB (MANAJEMEN TATA BOGA) BERBASIS DARING DI PRODI MTB POLITEKNIK PARIWISATA BALI /</subfield>
      <subfield code="c">Nina Indra Kristiana</subfield>
    </datafield>
    <datafield tag="260" ind1="#" ind2="#">
      <subfield code="a">Jakarta :</subfield>
      <subfield code="b">Pusbang Kader,</subfield>
      <subfield code="c">2022</subfield>
    </datafield>
    <datafield tag="300" ind1="#" ind2="#">
      <subfield code="a">118 hlm :</subfield>
      <subfield code="b">ilus ;</subfield>
      <subfield code="c">30 cm</subfield>
    </datafield>
    <datafield tag="600" ind1="#" ind2="4">
      <subfield code="a">Buku Pedoman</subfield>
    </datafield>
    <datafield tag="856" ind1="#" ind2="#">
      <subfield code="a">https://pustakamaya.lan.go.id</subfield>
    </datafield>
  </record>
</collection>
